Taiwan.
| Format: | Book |
|---|---|
| Published: |
Victoria:
Lonely Planet Publications,
2011.
|
| Edition: | 8th ed. |
| Subjects: |
| LEADER | 00410cam a2200157 7i4500 | ||
|---|---|---|---|
| 001 | 0000027024 | ||
| 005 | 20111101090000.0 | ||
| 020 | 0 | 0 | |a 9781741790436 |
| 090 | 0 | 0 | |a TAIW 910.202 |b TAI |
| 245 | 0 | 0 | |a Taiwan. |
| 250 | 0 | 0 | |a 8th ed. |
| 260 | 0 | 0 | |a Victoria: |b Lonely Planet Publications, |c 2011. |
| 300 | # | # | |a 403p. |
| 650 | 0 | 0 | |a Taiwan -- |x Guidebooks |
| 651 | 0 | 0 | |a Taiwan |
| 999 | |a B000029567 |b Book |c Book |e Business Information Centre | ||


